| 000 | 00800cab a2200253 4500 | ||
|---|---|---|---|
| 001 | ABS55842 | ||
| 008 | 090401t1996 xxu||||| |||| 00| 0 eng d | ||
| 035 | _a(Sirsi) u19087 | ||
| 041 | _aeng | ||
| 100 | _aRoulac, S | ||
| 245 | _aWhat makes a great hotel property? | ||
| 260 | _c1996 | ||
| 350 | _a0 | ||
| 490 |
_aReal Estate Review _v26(3) October 1996, 45-51(7) |
||
| 520 | _aConsiders the attributes that make a good hotel such as excellent financial performance. Looks at hotel ratings, design and construction and stand-alone v chain hotels. | ||
| 650 | _aFINANCIAL PERFORMANCE | ||
| 650 | _aHOTEL MARKET | ||
| 650 | _aLUXURY HOTELS | ||
| 690 | _aPROPERTY-COMMERCIAL PROPERTY | ||
| 690 | _aLEISURE AND RECREATION | ||
| 700 | _aMedzigan, M | ||
| 942 | _n0 | ||
| 948 | _c04/03/1997 | ||
| 999 |
_c12709 _d12709 |
||